| 000 | 00474nam a2200157 4500 | ||
|---|---|---|---|
| 001 | 139314 | ||
| 003 | ES-MaACL | ||
| 005 | 20230906195748.0 | ||
| 007 | t| | ||
| 008 | 070214n19201929sp r ||||1| spa d | ||
| 100 | 1 |
_aSarthou Carreres, Carlos. _9103879 |
|
| 245 | 1 | 0 |
_aArchivo iconográfico de arte y turismo / _cCarlos Sarthou Carreres. |
| 260 |
_aJátiva (Valencia) : _b[s.n.], _c[192_?] ( _fImp. Editorial) |
||
| 300 |
_a32 p. ; _c21 cm. |
||
| 852 |
_aES-MaACL _j1729-F-13 |
||
| 999 |
_c139314 _d139314 |
||